Pemikiran seorang pemimpin (Tamil)

Bibliographic Details
Main Author: Udayamurthi, M.S. Dr
Format: Book
Published: Chennai : Penerbitan Kanggai , 1972
Subjects:

MARC

LEADER 00000cam a2200000 7i4500
001 0000021157
005 20160330.0
008 080714
020 |a RM9.00 
090 0 0 |a 153.42   |b UDA 
100 0 |a Udayamurthi, M.S. Dr. 
245 1 0 |a Pemikiran seorang pemimpin (Tamil)   |c Dr. M.S. Udayamurthi 
260 |a Chennai :   |b Penerbitan Kanggai ,   |c 1972 
500 |a Teenager ages 13-18 years old (blue) 
650 0 |a Thought and thinking 
999 |a 0001028679   |b Book   |c Tamil Collection   |e Perbadanan Perpustakaan Awam Johor 
999 |a 0001028680   |b Book   |c Tamil Collection   |e Cawangan Batu Pahat 
999 |a 0001028681   |b Book   |c Tamil Collection   |e Perbadanan Perpustakaan Awam Johor 
999 |a 0001032676   |b Book   |c Tamil Collection   |e Perbadanan Perpustakaan Awam Johor